000 00536nmm a2200169Ia 4500
008 251105s9999||||xx |||||||||||||||||und||
020 _a9789560006547
041 _aspa
100 _aVillarroel, Mónica (coord.)
245 0 _aMemorias y representaciones en el cine chileno y latinoamericano
264 _a[Santiago de Chile, Chile] :
_bLOM Ediciones,
_c2016
300 _a256 páginas
490 _aCiencias Sociales y Humanas
650 _aFilm studies
856 _uhttps://public.digitaliapublishing.com/a/41644
942 _cCF
999 _c93542
_d93542